[Event "Augsburg 35th"]
[Site "Augsburg"]
[Date "2022.12.27"]
[Round "1"]
[White "Sieglen, Joachim"]
[Black "Brueckner, Thomas"]
[Result "1/2-1/2"]
[WhiteElo "2115"]
[BlackElo "2372"]
[PlyCount "40"]
[EventDate "2022.12.27"]
[EventType "tourn"]
[EventRounds "7"]
[EventCountry "GER"]
[SourceTitle "CBM 212 Extra"]
[Source "ChessBase"]
[SourceDate "2023.03.31"]
[SourceVersion "1"]
[SourceVersionDate "2023.03.31"]
[SourceQuality "1"]

1. e4 e5 2. f4 exf4 3. Nf3 Nf6 4. e5 Nh5 5. d4 d6 6. Qe2 dxe5 7. Nxe5 Qh4+ 8. g3 Nxg3 9. hxg3 Qxh1 10. Bxf4 Bd6 11. Nc3 0-0 12. 0-0-0 Bh3 13. Nxf7 Bxf4+ 14. gxf4 Nd7 15. Qc4 Rxf7 16. Qxf7+ Kxf7 17. Bc4+ Be6 18. Bxe6+ Kxe6 19. Rxh1 Nf6 20. Kd2 c6 1/2-1/2

[Event "Oberliga Baden 2122"]
[Site "Germany"]
[Date "2021.10.24"]
[Round "2.7"]
[White "Ptak, Ferdinand"]
[Black "Sieglen, Joachim"]
[Result "1/2-1/2"]
[WhiteElo "2002"]
[BlackElo "2155"]
[PlyCount "87"]
[EventDate "2021.10.10"]
[EventType "team-tourn"]
[EventRounds "11"]
[EventCountry "GER"]
[SourceTitle "EXT 2023"]
[Source "ChessBase"]
[SourceDate "2022.10.05"]
[SourceVersion "1"]
[SourceVersionDate "2022.10.05"]
[SourceQuality "1"]
[WhiteTeam "Hockenheim"]
[BlackTeam "Untergrombach"]
[WhiteTeamCountry "GER"]
[BlackTeamCountry "GER"]

1. c4 c6 2. g3 d5 3. Bg2 Nf6 4. Nf3 Bg4 5. cxd5 cxd5 6. Qb3 Nc6 7. Qxb7 Bd7 8. Qb3 e5 9. 0-0 e4 10. Ne1 Rb8 11. Qd1 Bc5 12. d3 Qe7 13. Nc2 0-0 14. d4 Bd6 15. b3 Rfc8 16. Ba3 a5 17. Bxd6 Qxd6 18. Nc3 Nxd4 19. Qxd4 Qc5 20. Nxd5 Qxd5 21. Qxd5 Nxd5 22. Nd4 f5 23. Rfc1 Kf7 24. Kf1 Kf6 25. Ke1 Ke5 26. e3 g5 27. Kd2 f4 28. Rxc8 Rxc8 29. Re1 f3 30. Bf1 Nf6 31. h3 h5 32. Rc1 Rxc1 33. Kxc1 h4 34. Kd2 hxg3 35. fxg3 g4 36. hxg4 Nxg4 37. Nc2 Nf6 38. Ke1 Kd5 39. Kf2 Kc5 40. Ke1 Kd5 41. Bc4+ Kc5 42. Bf1 Ng4 43. Kd2 Nf6 44. Ke1 1/2-1/2

[Event "Baden-ch 92nd"]
[Site "Pforzheim"]
[Date "2020.09.13"]
[Round "7"]
[White "Sieglen, Joachim"]
[Black "Hartmann, Martin"]
[Result "1-0"]
[WhiteElo "2196"]
[BlackElo "2120"]
[PlyCount "109"]
[EventDate "2020.09.09"]
[EventType "swiss"]
[EventRounds "7"]
[EventCountry "GER"]
[SourceTitle "EXT 2021"]
[Source "ChessBase"]
[SourceDate "2020.10.23"]
[SourceVersion "1"]
[SourceVersionDate "2020.10.23"]
[SourceQuality "1"]

1. d4 d5 2. c4 e6 3. Nf3 Nf6 4. Bg5 h6 5. Bh4 Be7 6. Nc3 c6 7. e3 Nbd7 8. Rc1 0-0 9. Bd3 dxc4 10. Bxc4 b5 11. Bd3 Bb7 12. 0-0 a6 13. a4 b4 14. Bxf6 Nxf6 15. Ne4 Qb6 16. Nxf6+ Bxf6 17. Nd2 Rfd8 18. Ne4 Be7 19. Nc5 Bxc5 20. Rxc5 Rd5 21. a5 Qa7 22. Rxd5 cxd5 23. Qa4 Rb8 24. Rc1 Qa8 25. Rc7 Rc8 26. Qd7 Rxc7 27. Qxc7 Qc8 28. Qxc8+ Bxc8 29. Kf1 e5 30. dxe5 Kf8 31. Ke2 Ke7 32. Kd2 f6 33. Kc2 fxe5 34. Kb3 Kd6 35. Kxb4 g5 36. Kc3 Kc6 37. b4 Bb7 38. f3 Bc8 39. g3 Bb7 40. Be2 Kd6 41. Kd2 Bc8 42. f4 gxf4 43. exf4 d4 44. fxe5+ Kxe5 45. h4 Ke4 46. g4 Kf4 47. Kd3 Ke5 48. Kd2 Kf4 49. g5 hxg5 50. hxg5 Kxg5 51. Kd3 Kf5 52. Kxd4 Kf4 53. Bf1 Kf3 54. Kc5 Ke4 55. Kb6 1-0

[Event "Baden-ch 92nd"]
[Site "Pforzheim"]
[Date "2020.09.10"]
[Round "2"]
[White "Ehmann, Thilo"]
[Black "Sieglen, Joachim"]
[Result "1/2-1/2"]
[WhiteElo "2329"]
[BlackElo "2196"]
[PlyCount "54"]
[EventDate "2020.09.09"]
[EventType "swiss"]
[EventRounds "7"]
[EventCountry "GER"]
[SourceTitle "EXT 2021"]
[Source "ChessBase"]
[SourceDate "2020.10.23"]
[SourceVersion "1"]
[SourceVersionDate "2020.10.23"]
[SourceQuality "1"]

1. e4 e6 2. d4 d5 3. Nc3 Bb4 4. e5 c5 5. a3 Bxc3+ 6. bxc3 Ne7 7. h4 Qa5 8. Bd2 Qa4 9. Nf3 b6 10. h5 Ba6 11. Rh4 Bxf1 12. Kxf1 cxd4 13. Rxd4 Qd7 14. Rf4 Nbc6 15. Qe2 h6 16. Nh4 Na5 17. Rd1 Nc4 18. Bc1 Nc6 19. Rg4 Qe7 20. Nf3 Qf8 21. a4 0-0-0 22. Qd3 Kb7 23. Kg1 Rc8 24. Kh1 Rc7 25. Kg1 Rc8 26. Qe2 Rg8 27. Qd3 Rh8 1/2-1/2

[Event "Baden-ch 92nd"]
[Site "Pforzheim"]
[Date "2020.09.10"]
[Round "3"]
[White "Rosner, Jonas"]
[Black "Sieglen, Joachim"]
[Result "1-0"]
[WhiteElo "2433"]
[BlackElo "2196"]
[PlyCount "39"]
[EventDate "2020.09.09"]
[EventType "swiss"]
[EventRounds "7"]
[EventCountry "GER"]
[SourceTitle "EXT 2021"]
[Source "ChessBase"]
[SourceDate "2020.10.23"]
[SourceVersion "1"]
[SourceVersionDate "2020.10.23"]
[SourceQuality "1"]

1. d4 Nf6 2. Nf3 d5 3. c4 c6 4. Qb3 e6 5. g3 Be7 6. Bg2 0-0 7. 0-0 b6 8. Nc3 Ba6 9. cxd5 cxd5 10. Bg5 Nbd7 11. Rfc1 Ne4 12. Bxe7 Qxe7 13. Qa4 Bb7 14. Nxe4 dxe4 15. Rc7 exf3 16. Rxb7 fxg2 17. Rxd7 Qf6 18. Rc1 e5 19. e4 g6 20. Rcc7 1-0

[Event "Oberliga Baden 1920"]
[Site "Baden"]
[Date "2019.09.29"]
[Round "1.4"]
[White "Bauer, Andreas1111"]
[Black "Sieglen, Joachim"]
[Result "1-0"]
[WhiteElo "2199"]
[BlackElo "2187"]
[PlyCount "57"]
[EventDate "2019.09.29"]
[EventType "team-tourn"]
[EventRounds "9"]
[EventCountry "GER"]
[SourceTitle "CBM 195 Extra"]
[Source "ChessBase"]
[SourceDate "2020.05.31"]
[SourceVersion "1"]
[SourceVersionDate "2020.05.31"]
[SourceQuality "1"]
[WhiteTeam "Emmendingen II"]
[BlackTeam "Untergrombach"]
[WhiteTeamCountry "GER"]
[BlackTeamCountry "GER"]

1. d4 Nf6 2. Bf4 c5 3. e3 cxd4 4. exd4 d5 5. c3 Nc6 6. Bd3 Bg4 7. Qb3 Qc8 8. Nd2 e6 9. Ngf3 Be7 10. h3 Bh5 11. 0-0 0-0 12. Rae1 Bg6 13. Bxg6 hxg6 14. Re3 a6 15. Ne5 Nxe5 16. dxe5 Nd7 17. Qd1 g5 18. Bh2 g6 19. Kh1 Kg7 20. Qg4 Rh8 21. Bg3 Qc5 22. Rd1 b5 23. Ne4 dxe4 24. Rxd7 Rhe8 25. Rxe4 Ra7 26. b4 Qb6 27. Rxe7 Rexe7 28. Qxg5 Kf8 29. Qh6+ 1-0

[Event "Berlin Lichtenberger op 18th"]
[Site "Berlin"]
[Date "2019.08.23"]
[Round "7"]
[White "Sieglen, Joachim"]
[Black "Guder, Sibylle"]
[Result "1/2-1/2"]
[WhiteElo "2218"]
[BlackElo "1893"]
[PlyCount "55"]
[EventDate "2019.08.17"]
[EventType "swiss"]
[EventRounds "9"]
[EventCountry "GER"]
[SourceTitle "EXT 2020"]
[Source "ChessBase"]
[SourceDate "2019.10.17"]
[SourceVersion "1"]
[SourceVersionDate "2019.10.17"]
[SourceQuality "1"]

1. d4 Nf6 2. c4 g6 3. Nc3 Bg7 4. e4 d6 5. Nf3 0-0 6. Be2 e5 7. 0-0 Nc6 8. d5 Ne7 9. b4 Ne8 10. c5 f5 11. Nd2 Nf6 12. f3 f4 13. Nc4 g5 14. a4 Ng6 15. Ba3 Rf7 16. b5 dxc5 17. Bxc5 Bf8 18. Bxf8 Qxf8 19. Rc1 h5 20. d6 Be6 21. dxc7 Rxc7 22. Qd6 Qxd6 23. Nxd6 Rd8 24. b6 axb6 25. Ncb5 Rcd7 26. Nc4 Bxc4 27. Bxc4+ Kf8 28. Be6 1/2-1/2

[Event "Berlin Lichtenberger op 18th"]
[Site "Berlin"]
[Date "2019.08.20"]
[Round "4"]
[White "Kutschke, Jens"]
[Black "Sieglen, Joachim"]
[Result "1/2-1/2"]
[WhiteElo "1953"]
[BlackElo "2218"]
[PlyCount "71"]
[EventDate "2019.08.17"]
[EventType "swiss"]
[EventRounds "9"]
[EventCountry "GER"]
[SourceTitle "EXT 2020"]
[Source "ChessBase"]
[SourceDate "2019.10.17"]
[SourceVersion "1"]
[SourceVersionDate "2019.10.17"]
[SourceQuality "1"]

1. e4 e6 2. d4 d5 3. exd5 exd5 4. Bd3 Nf6 5. Nf3 Bg4 6. 0-0 Be7 7. h3 Bh5 8. Bf4 0-0 9. Nbd2 c5 10. dxc5 Bxc5 11. c3 Nc6 12. Qb3 Bb6 13. Bg5 d4 14. c4 h6 15. Bh4 g5 16. Bg3 Nd7 17. a3 Nc5 18. Qc2 Nxd3 19. Qxd3 Bg6 20. Qb3 d3 21. Rfe1 Rc8 22. Rac1 Bc7 23. Bxc7 Rxc7 24. Qc3 Re8 25. Rxe8+ Qxe8 26. Re1 Re7 27. Qc1 Re2 28. Kf1 Qe7 29. b4 Ne5 30. Qd1 Nxf3 31. Nxf3 Qf6 32. Rxe2 dxe2+ 33. Qxe2 Qa1+ 34. Qe1 Qxa3 35. Ne5 Bf5 36. c5 1/2-1/2

[Event "Berlin Lichtenberger op 18th"]
[Site "Berlin"]
[Date "2019.08.18"]
[Round "2"]
[White "Wallmann, Bodo"]
[Black "Sieglen, Joachim"]
[Result "0-1"]
[WhiteElo "1789"]
[BlackElo "2218"]
[PlyCount "86"]
[EventDate "2019.08.17"]
[EventType "swiss"]
[EventRounds "9"]
[EventCountry "GER"]
[SourceTitle "EXT 2020"]
[Source "ChessBase"]
[SourceDate "2019.10.17"]
[SourceVersion "1"]
[SourceVersionDate "2019.10.17"]
[SourceQuality "1"]

1. d4 Nf6 2. Nf3 c5 3. e3 d5 4. c3 e6 5. Bd3 b6 6. Nbd2 Bb7 7. 0-0 Be7 8. Qe2 Nbd7 9. e4 cxd4 10. cxd4 dxe4 11. Nxe4 Nxe4 12. Bxe4 Bxe4 13. Qxe4 0-0 14. Bf4 Nf6 15. Qe2 Nd5 16. Bg3 Qd7 17. Ne5 Qb7 18. a3 Rac8 19. Rac1 Bg5 20. Rcd1 g6 21. f4 Bh6 22. Ng4 Bg7 23. Ne5 f6 24. Nc4 Rc6 25. Ne3 Qd7 26. Rc1 Rfc8 27. Rxc6 Rxc6 28. Rd1 Nxe3 29. Qxe3 Qd5 30. Rd2 Rc1+ 31. Kf2 f5 32. Qd3 Rc4 33. Ke3 Rxd4 34. Qxd4 Bxd4+ 35. Rxd4 Qb3+ 36. Rd3 Qxb2 37. Rd8+ Kf7 38. Rd7+ Ke8 39. Rxa7 Qxg2 40. Rxh7 Qe4+ 41. Kd2 Qd4+ 42. Kc2 g5 43. fxg5 f4 0-1

[Event "Karlsruhe Grenke op"]
[Site "Karlsruhe"]
[Date "2019.04.20"]
[Round "4"]
[White "Sieglen, Joachim"]
[Black "Saraci, Nderim"]
[Result "1-0"]
[WhiteElo "2233"]
[BlackElo "2397"]
[PlyCount "83"]
[EventDate "2019.04.18"]
[EventType "swiss"]
[EventRounds "9"]
[EventCountry "GER"]
[SourceTitle "CBM 189 Extra"]
[Source "ChessBase"]
[SourceDate "2019.06.03"]
[SourceVersion "1"]
[SourceVersionDate "2019.06.03"]
[SourceQuality "1"]

1. d4 Nf6 2. c4 g6 3. Nc3 Bg7 4. e4 d6 5. Nf3 0-0 6. Be2 c5 7. d5 b5 8. cxb5 a6 9. b6 Nbd7 10. Nd2 Nxb6 11. a4 a5 12. 0-0 Ne8 13. Nc4 Nxc4 14. Bxc4 Nc7 15. Bd2 Na6 16. Rc1 Rb8 17. b3 Nb4 18. Bg5 Ba6 19. Qd2 Qd7 20. Nb5 f5 21. Rfe1 Rf7 22. exf5 Qxf5 23. Bxe7 Bxb5 24. axb5 Bd4 25. Bh4 Kh8 26. Re6 Rbf8 27. Rce1 Qh5 28. Bg3 a4 29. bxa4 Rxf2 30. Bxf2 Rxf2 31. Re8+ Kg7 32. R1e7+ Kf6 33. Rf8+ Kxe7 34. Rxf2 Bxf2+ 35. Qxf2 Qd1+ 36. Qf1 Qd4+ 37. Kh1 Nxd5 38. a5 Ne3 39. Qf7+ Kd8 40. Qg8+ Kd7 41. Be6+ Ke7 42. Qf7+ 1-0

[Event "Bayern-chI Bank Hofmann 22nd"]
[Site "Tegernsee"]
[Date "2018.11.01"]
[Round "6"]
[White "Hillebrand, Carsten"]
[Black "Sieglen, Joachim"]
[Result "0-1"]
[WhiteElo "1990"]
[BlackElo "2208"]
[PlyCount "147"]
[EventDate "2018.10.27"]
[EventType "swiss"]
[EventRounds "9"]
[EventCountry "GER"]
[SourceTitle "CBM 187 Extra"]
[Source "ChessBase"]
[SourceDate "2018.11.04"]
[SourceVersion "1"]
[SourceVersionDate "2018.11.04"]
[SourceQuality "1"]

1. c4 b6 2. Nc3 Bb7 3. e4 e6 4. d3 c5 5. Nf3 d6 6. g3 a6 7. Bg2 Nd7 8. 0-0 Ngf6 9. h3 Qc7 10. Rb1 Be7 11. a4 0-0 12. Nh2 Ne8 13. Qe2 Bf6 14. Bd2 Ne5 15. Ng4 Nxg4 16. Qxg4 Bd4 17. Qe2 Nf6 18. Kh1 Rab8 19. Qd1 Nd7 20. Ne2 Bf6 21. f4 g6 22. Qe1 d5 23. e5 Be7 24. Nc3 dxc4 25. dxc4 Bxg2+ 26. Kxg2 Rfd8 27. Rd1 Nf8 28. Qe2 Rd7 29. Be3 Rbd8 30. Rxd7 Rxd7 31. Rd1 Rxd1 32. Qxd1 f6 33. exf6 Bxf6 34. Qd3 Qc6+ 35. Qe4 Qxe4+ 36. Nxe4 Bxb2 37. a5 Nd7 38. axb6 Nxb6 39. Bxc5 Nxc4 40. Kf2 a5 41. Ke2 a4 42. Kd3 a3 43. Bxa3 Nxa3 44. Ng5 e5 45. fxe5 Bxe5 46. g4 Bf6 47. Ne4 Kf7 48. Nd2 Ke6 49. Ke4 Nb5 50. Nf3 Nd6+ 51. Kf4 Nc4 52. Ke4 g5 53. h4 Nd6+ 54. Ke3 gxh4 55. g5 Bd8 56. Kf4 Nf7 57. Kg4 Bxg5 58. Ng1 Ke5 59. Nh3 Ke4 60. Ng1 Ke3 61. Nf3 Kf2 62. Nxh4 Bxh4 63. Kxh4 Kf3 64. Kh5 Kf4 65. Kh4 Kf5 66. Kh5 h6 67. Kh4 Kg6 68. Kg4 h5+ 69. Kh4 Nd6 70. Kg3 Kg5 71. Kh3 h4 72. Kh2 Kg4 73. Kg2 h3+ 74. Kh2 0-1

[Event "Boeblingen op 34th"]
[Site "Boeblingen"]
[Date "2017.12.28"]
[Round "5"]
[White "Menezes, Christoph"]
[Black "Sieglen, Joachim"]
[Result "1-0"]
[WhiteElo "2379"]
[BlackElo "2217"]
[PlyCount "61"]
[EventDate "2017.12.26"]
[EventType "swiss"]
[EventRounds "9"]
[EventCountry "GER"]
[SourceTitle "CBM 182 Extra"]
[Source "ChessBase"]
[SourceDate "2018.02.23"]
[SourceVersion "1"]
[SourceVersionDate "2018.02.23"]
[SourceQuality "1"]

1. d4 d5 2. Bf4 Nf6 3. e3 c5 4. c3 Nc6 5. Nd2 cxd4 6. exd4 Bf5 7. Ngf3 e6 8. Qb3 Qc8 9. Nh4 Bg4 10. h3 Bh5 11. g4 Bg6 12. Nxg6 hxg6 13. Bg2 Be7 14. 0-0 Qd7 15. Rae1 0-0 16. Bh2 Rfc8 17. f4 b5 18. Nf3 a6 19. Ng5 b4 20. Qa4 bxc3 21. bxc3 Ne8 22. h4 Nd6 23. Qd1 Bf6 24. f5 gxf5 25. Bxd6 Qxd6 26. gxf5 Bxg5 27. hxg5 exf5 28. Rxf5 Re8 29. Ref1 Ra7 30. Qf3 Qg6 31. Qxd5 1-0

[Event "BL2-Sued 1718"]
[Site "Germany"]
[Date "2017.11.11"]
[Round "3.6"]
[White "Weichhold, Pawel"]
[Black "Sieglen, Joachim"]
[Result "1/2-1/2"]
[WhiteElo "2424"]
[BlackElo "2232"]
[PlyCount "89"]
[EventDate "2017.10.21"]
[EventType "team-tourn"]
[EventRounds "10"]
[EventCountry "GER"]
[SourceTitle "CBM 183 Extra"]
[Source "ChessBase"]
[SourceDate "2018.04.19"]
[SourceVersion "1"]
[SourceVersionDate "2018.04.19"]
[SourceQuality "1"]
[WhiteTeam "Heusenstamm"]
[BlackTeam "Untergrombach"]
[WhiteTeamCountry "GER"]
[BlackTeamCountry "GER"]

1. e4 e6 2. d4 d5 3. Nc3 Bb4 4. e5 c5 5. a3 Bxc3+ 6. bxc3 Ne7 7. h4 Nbc6 8. h5 Qa5 9. Bd2 cxd4 10. cxd4 Qa4 11. Bd3 h6 12. Nf3 Nxd4 13. Kf1 Nxf3 14. Qxf3 Bd7 15. Qg3 Bb5 16. Qxg7 Bxd3+ 17. cxd3 Rg8 18. Qxh6 Qd4 19. Re1 Qxd3+ 20. Kg1 Nf5 21. Qf4 0-0-0 22. Be3 Kb8 23. h6 Rg6 24. h7 Rh8 25. Bc5 b6 26. Qb4 Kb7 27. Rb1 Qc4 28. Qxc4 dxc4 29. Bf8 Nd4 30. Kf1 Nc6 31. Re1 c3 32. f4 Nb8 33. Kf2 Nd7 34. Be7 Rg7 35. Rd1 Nc5 36. Bxc5 bxc5 37. Rd7+ Kc6 38. Rd3 Rhxh7 39. Rg1 Rh4 40. Kf3 Rh3+ 41. gxh3 Rxg1 42. Rxc3 Rg6 43. Rc1 f6 44. exf6 Rxf6 45. Kg4 1/2-1/2

[Event "Berlin Lichtenberger op 16th"]
[Site "Berlin"]
[Date "2017.08.25"]
[Round "7"]
[White "Sieglen, Joachim"]
[Black "Albrecht, Rainer"]
[Result "1-0"]
[WhiteElo "2228"]
[BlackElo "2047"]
[PlyCount "47"]
[EventDate "2017.08.19"]
[EventType "swiss"]
[EventRounds "9"]
[EventCountry "GER"]
[SourceTitle "CBM 180 Extra"]
[Source "ChessBase"]
[SourceDate "2017.10.06"]
[SourceVersion "1"]
[SourceVersionDate "2017.10.06"]
[SourceQuality "1"]

1. d4 e6 2. c4 d5 3. Nf3 Nf6 4. g3 Bb4+ 5. Bd2 Bd6 6. Bg2 c6 7. 0-0 0-0 8. Nc3 dxc4 9. e4 Be7 10. a4 a5 11. Qe2 b6 12. Rad1 Ba6 13. Bg5 b5 14. d5 b4 15. d6 Bxd6 16. e5 bxc3 17. bxc3 Ra7 18. Rxd6 Qc7 19. Bxf6 gxf6 20. Rfd1 Qe7 21. exf6 Qxf6 22. Qe3 Rb7 23. Nd2 Rd7 24. Rxd7 1-0